000 00624nam a2200229Ia 4500
003 OSt
005 20220926035625.0
006 a|||||r|||| 00| 0
007 ta
008 220923b |||||||| |||| 00| 0 eng d
037 _cGeneral Book
040 _aRTL
_cRTL
_beng
041 _2eng
_aeng
082 _aX:93, J9
100 _aBackman Jules
_9129598
245 0 _aWage determination
_b An analysis of wage criteria
260 _c1959
490 _aVan nostrand business administration series
650 _aWages
_9229845
942 _hX:93, J9
_cGB
_2CC
999 _c662692
_d662692